000 00491ntaaa2200193 4500
003 01
005 20251027201636.0
008 0714s1973 ag 01
040 _aAR-BaBN
_bspa
_cAR-BaBN
_eaacr
_dRIC
082 _a232.0000 M14s
100 _aMcDowell, Edward A
245 _aSon of man and suffering servant
250 _a1 ed.
260 _aNashville :
_bBroadman Press,
_cc1944
300 _a216 p
650 _aCristologĂ­a
_91723
650 _aJesucristo-TeologĂ­a
_91204
942 _cBK
999 _c11120
_d11120